000 00291nam a22001337a 4500
008 170614b xxu||||| |||| 00| 0 eng d
020 _a9780465027255
041 _aeng
080 _a94
100 _a17
101 _aSHH
245 _aTHE GRAND CHESSBOARD
_cBRZEZINSKI,Z
942 _2udc
_cBK
999 _c17365
_d17365